000 00186nam a2200085 4500
001 1258654
005 20260313135938.0
245 _aİNTİKAM
_cKAHRAMAN TAZEOGLU
260 _bDESTEK YAYINLARI
999 _c1258654
_d1258654